Statistics for NFL Football by Year, 1967–1999

Click here to take the quiz!

General Stats

  • This quiz has been taken 19,377 times
    (3,374 since last reset)
  • The average score is 25 of 33

Answer Stats

YearClueAnswer% Correct
1994This team loses its 4th consecutive Super BowlBuffalo Bills
90%
1997The Houston Oilers move to this stateTennessee
88%
1995This former player is tried for murder, but acquittedO.J. Simpson
88%
1999This elusive running back suddenly retiresBarry Sanders
87%
1992This player attempts to play an NFL and Major League game on the same dayDeion Sanders
86%
1984This quarterback becomes the first to throw for over 5,000 yards in a seasonDan Marino
85%
1971This team changes its name to the New England Patriots{Boston} Patriots
85%
1977This coach, namesake to a famous video game series, wins the Super BowlJohn Madden
85%
1987In just 12 games, this receiver catches 22 touchdownsJerry Rice
84%
1996The Cleveland Browns move to this cityBaltimore
83%
1972Franco Harris makes an improbable catch that becomes known as ...The {Immaculate}
Reception
82%
1974This "mean" player is the NFL Defensive Player of the YearJoe Greene
81%
1998After losing three times before, this quarterback finally wins the Super BowlJohn Elway
81%
1986This coach leads the Chicago Bears to victory in Super Bowl XXMike Ditka
80%
1967This coach leads the Packers to a win in Super Bowl IVince Lombardi
79%
1969This outspoken quarterback guarantees a Super Bowl victoryJoe Namath
78%
1970This prime-time NFL program debutsMonday Night Football
78%
1989This Packers receiver, brother of Shannon, breaks his own record by catching
112 passes in a single season
Sterling Sharpe
78%
1990This team scores a record 55 points in the Super BowlSan Francisco 49ers
76%
1975The Saints play their first of many seasons in this stadiumLouisiana Superdome
75%
1988Ickey Woods becomes famous for this touchdown danceThe Ickey {Shuffle}
75%
1993This player, known as "The Bus", rushes for 1,429 yards in his rookie seasonJerome Bettis
75%
1968This quarterback leads the Packers to a second consecutive Super Bowl winBart Starr
74%
1980This quarterback wins his fourth and final Super BowlTerry Bradshaw
73%
1985This linebacker ends Joe Theismann's careerLawrence Taylor
72%
1991This coach earns his first head coaching job with the Browns, but would
be fired after five seasons with a 36-44 record
Bill Belichick
71%
197949ers coach Bill Walsh introduces this offensive system to the NFL{West} {Coast} Offense
70%
1983Mark Moseley is named MVP for the previous season, the last
time a person who played this position would win the award
Kicker
70%
1976This expansion team begins a 26 game losing streakTampa Bay Buccaneers
67%
1973This quarterback leads the Dolphins to a Super Bowl win, capping
an undefeated season
Bob Griese
52%
1978This Oilers rookie rushes for 1,450 yardsEarl Campbell
51%
1982This receiver makes "The Catch", sending the 49ers to the Super BowlDwight Clark
51%
1981This 49ers defensive back returns three interceptions for touchdowns
during his rookie season
Ronnie Lott
49%

Score Distribution

Percentile by Number Answered

Percent of People with Each Score

Your Score History

You have not taken this quiz since the last reset